000 00347pab a2200145 454500
008 180718b1983 xxu||||| |||| 00| 0 eng d
100 _aRoy Burman, B.K.
245 _aState and tribals in India
260 _c1983
300 _a16-8
362 _a26 Nov.
650 _aTribes and Tribal System - India
773 _aMainstream
909 _a19683
999 _c19683
_d19683